000 00435nam a22001697a 4500
003 MPLRDC
005 20220104175336.0
008 210129b ||||| |||| 00| 0 eng d
082 _a524.9673 MIL 1982 c.2
100 _aMILLER DAN POWELL
245 _aBUKU SIFIR ILMU HISAB AWALAN CAMBRIDGE
_c
250 _a第一版
260 _a
_bEASTERN UNIVERSITIES
_c1982
300 _b
650 _a
942 _cBK
_o524.9673 MIL 1982 c.2
999 _c60331
_d60321